Las sociedades simples e informales frente a los impuestos (Registro nro. 20946)
[ vista simple ]
| 000 -LEADER | |
|---|---|
| fixed length control field | 00352 a2200109 4500 |
| 001 - CONTROL NUMBER | |
| control field | ART_41675 |
| 005 - DATE AND TIME OF LATEST TRANSACTION | |
| control field | 20260410161805.0 |
| 008 - FIXED-LENGTH DATA ELEMENTS--GENERAL INFORMATION | |
| fixed length control field | 260409a |
| 100 1# - MAIN ENTRY--PERSONAL NAME | |
| Personal name | Cerchiara, Claudia M. |
| 245 10 - TITLE STATEMENT | |
| Title | Las sociedades simples e informales frente a los impuestos |
| 773 0# - HOST ITEM ENTRY | |
| Title | Doctrina Societaria y Concursal |
| Related parts | - Nº 353 (abr. 2017) |
| Record control number | REV4298 |
No hay ítems disponibles.